000 00512nam a2200145Ia 4500
008 231129s2003||||xx |||||||||||||| ||spa||
020 _a958-8181-13-5
040 _bspa
082 _a986.10632 R744a
100 _aRoldán Mary
245 2 _aA sangre y fuego: La violencia en Antioquia Colombia 1946-1953
260 _c2003
264 _aInstituto Colombiano de Antropologí­a e Historia. Fundación para la Promoción de la Ciencia y la Tecnologí­a
942 _2ddc
_cBKS
999 _c4310
_d4310